Pengurusan projek sektor awam : dari perspektif praktikal

Bibliographic Details
Main Author: Lee, Kiyau Loo
Format: Book
Published: Kuala Lumpur : Institut Tadbiran Awam Negara , 2000
Series:Siri pengurusan INTAN
Subjects:

MARC

LEADER 00000cam a2200000 7i4500
001 0000003208
005 20050315.0
020 0 0 |a 9679933784 
090 0 0 |a 658.404   |b LEE 
100 0 0 |a Lee, Kiyau Loo 
245 0 0 |a Pengurusan projek sektor awam :   |b dari perspektif praktikal   |c Lee Kiyau Loo 
260 0 0 |a Kuala Lumpur :   |b Institut Tadbiran Awam Negara ,   |c 2000 
300 |a xiv, 146ms. :   |b il. ;   |c 21cm. 
440 0 0 |a Siri pengurusan INTAN 
650 0 0 |a Civil service   |z Malaysia 
650 0 0 |a Project management   |z Malaysia 
650 0 0 |a Public administration   |z Malaysia 
999 |a 0000006168   |b Monograph   |c Open Shelf   |e Default branch